LEADER 01520nam 2200433 450 001 000010497 005 20070503173000.0 010 $a88-7166-468-X 100 $a20020228d1999----km-y0itay0103----ba 101 0 $aita 102 $aIT 200 1 $a<> biblioteca di San Marco$fEugenio Garin 200 1 $a1 $n0000266 210 $aFirenze$cLe Lettere$dc1999 215 $a120 p.$d23 cm. 300 $aGià pubbl. in: La Chiesa e il Convento di San Marco a Firenze, 1989 300 $aSegue: Appendice 607 $aFirenze$yConvento di San Marco$xBiblioteca 676 $a027.670945511$v(20. ed.)$9Biblioteche di organizzazioni religiose. Firenze 700 1$aGarin,$bEugenio$045598 801 0$aIT$bUniversità della Basilicata - B.I.A.$gRICA$2unimarc 912 $a000010497 996 $aBiblioteca di San Marco$976945 997 $aUNIBAS BAS $aMONLET BAS $aMONOGR BAS $aLETTERE CAT $aSTD016$b01$c20020228$lBAS01$h1027 CAT $aDILEO$b01$c20020508$lBAS01$h1549 CAT $aDILEO$b01$c20020508$lBAS01$h1549 CAT $aDILEO$b20$c20020508$lBAS01$h1552 CAT $c20050601$lBAS01$h1754 CAT $abatch$b01$c20050718$lBAS01$h1050 CAT $c20050718$lBAS01$h1109 CAT $c20050718$lBAS01$h1139 CAT $c20050718$lBAS01$h1154 CAT $aBATCH$b00$c20070503$lBAS01$h1730 FMT Z30 -1$lBAS01$LBAS01$mBOOK$1BASA1$APolo Storico-Umanistico$2DSLF$BCollezione DiSLF$3DF/6333$66333$5F6333$820020228$f04$FPrestabile Didattica LEADER 01204nam0 2200325 450 001 000021943 005 20080911130832.0 010 $a978-0-521-61502-0 100 $a20080714d2007----km-y0itaa50------ba 101 0 $aeng 102 $aGB 200 1 $a<> byzantine economy$fAngeliki E. Laiou and Cecile Morrisson 210 $aCambridge$cCambridge University Press$dc2007 215 $a270 p.$d22 cm 225 2 $aCambridge medieval textbooks 410 1$12001$aCambridge medieval textbooks 607 $aImpero d'Oriente$xCondizioni politiche ed economiche 676 $a330.9495$v(21. ed.)$9Situazioni e condizioni economiche. Grecia 700 1$aLaiou,$bAngeliki E.$0211555 701 1$aMorrisson,$bCécile$0757378 801 0$aIT$bUniversità della Basilicata - B.I.A.$gRICA$2unimarc 912 $a000021943 996 $aByzantine economy$91527933 997 $aUNIBAS BAS $aLETTERE CAT $aSTD065$b01$c20080714$lBAS01$h1120 CAT $aTTM$b30$c20080819$lBAS01$h1233 CAT $aMDL$b30$c20080911$lBAS01$h1308 FMT Z30 -1$lBAS01$LBAS01$mBOOK$1BASA1$APolo Storico-Umanistico$2DID$BDidattica$3FM/107048$6107048$5L107048$820080714$f04$FPrestabile Didattica